Concepto de reserva de la biosfera (Registro nro. 13841)

Detalles MARC
000 -CABECERA
Campo de control 003600000a22001210004500
090 ## - CLASIFICACIÓN LOCAL
Colección AR
Consecutivo 04741
044 ## - PAÍS DE PUBLICACIÓN
País de publicación
041 0# - IDIOMA
Código de idioma para texto/pista de sonido o título separado
100 1# - ASIENTO PRINCIPAL--NOMBRE PERSONAL
Nombre personal Halffer, Gonzalo
245 10 - MENCION DE TITULO
Título Concepto de reserva de la biosfera
773 1# - Item fuente:
Título Memorias del seminario sobre conservación de la Diversidad Biólogica de México
Descripción física 1
Paginas del Articulo 1-25
Lugar, editorial y fecha de publicación 1991
942 ## - ELEMENTOS ADICIONALES (KOHA)
Tipo de ítem Artículo
Existencias
Withdrawn status Lost status Damaged status No para préstamo Colección Ubicación Permanente Ubicación actual Fecha de adquisición Fuente de Valor Datos de publicación Seriada Total Checkouts Número topográfico Inventario / Código de Barras Date last seen Ejemplar Price effective from Forma de adquisición Tipo de material
      No para Préstamo Hemeroteca Bogotá Bogotá 13/05/2010 Escobar Sarria, Federico Fuera de circulación   AR 04741 028106 25/03/2015 1 25/03/2015   Artículo